Warum hat der Negativity Bias hohes Social-Media-Potenzial? 6 Faktoren - Statistiken

Allgemein
  • Dieses Quiz wurde 232 mal gespielt
  • Das Durchschnittsergebnis liegt bei 1 aus 6
Antwortstatistiken
Antwort % Korrekt
Netzwerkstruktur
67%
Binäre Reaktionswahl
33%
Uneingeschränkter Informationsfluss
33%
Crossmediale Dynamiken
0%
Geschwindigkeit und Umfang von Kommunikation
0%
Mangel an Infovielfalt
0%
Keine übereinstimmenden Quizze gefunden
Verteilung der Resultate
Anzahl Personen mit jedem Resultat
Perzentil nach korrekt beantworteten Fragen
Ihre Resultats-Entwicklung
Sie haben dieses Quiz noch nicht gespielt